00553nam a2200181Ia 4500100002800000650001200028490000600040942000700046366000700053654002400060245003800084260003700122082000900159300000800168546002300176999001700199952015500216 aKhan/Md.N/ Panigrahi/S  aPhysics v1 cBK f25 aengineering physics aPrinciples of Engineering Physics bCambrideg University Pressc2016 bKHAN a873 aENGLISHcComputers c19280d19280 001040708CRCaCRCEb1234d2023-03-17eAllied Publishersg337.50i898 dt 06.01.2017l1o KHANp24502r2023-10-07s2023-08-17v450.00w0000-00-00yBK